České fotbalové kluby 2024/2025 - Statistics

General Stats
  • This quiz has been taken 212 times
  • The average score is 33 of 64
Answer Stats
Hint Answer % Correct
CHL AC Sparta Praha
99%
CHL SK Slavia Praha
99%
CHL FC Baník Ostrava
95%
CHL FC Viktoria Plzeň
93%
CHL SK Dynamo České Budějovice
91%
CHL Bohemians Praha 1905
88%
CHL FC Hradec Králové
88%
CHL FC Slovan Liberec
88%
CHL FK Pardubice
88%
CHNL FC Zlín
87%
CHL FK Jablonec
85%
CHL FK Dukla Praha
84%
CHL FK Teplice
84%
ČFL (A) SK Petřín Plzeň
84%
CHNL FC Zbrojovka Brno
83%
CHL SK Sigma Olomouc
83%
CHL MFK Karviná
82%
CHL FK Mladá Boleslav
81%
CHL 1.FC Slovácko
79%
CHNL Slezský FC Opava
76%
CHNL FC Vysočina Jihlava
74%
MSFL TJ Start Brno
72%
ČFL (B) FK Ústí nad Labem
69%
CHNL FK Viktoria Žižkov
65%
ČFL (A) FK Příbram
62%
ČFL (B) FK Baník Most-Souš
56%
CHNL MFK Chrudim
56%
CHNL 1.SK Prostějov
55%
CHNL MFK Vyškov
55%
CHNL FC Silon Táborsko
54%
ČFL (B) SK Kladno
54%
MSFL 1.SC Znojmo FK
49%
MSFL FK Frýdek-Místek
49%
CHNL SK Líšeň
49%
CHNL FC Sellier & Bellot Vlašim
48%
MSFL SK Hanácká Slavia Kroměříž
44%
ČFL (A) FC Chomutov
43%
ČFL (A) TJ Jiskra Domažlice
42%
MSFL FK Fotbal Třinec
41%
CHNL FK Varnsdorf
41%
ČFL (A) FC Písek
38%
MSFL FK Hodonín
37%
ČFL (B) SK Sparta Kolín
37%
ČFL (B) FK Arsenal Česká Lípa
28%
MSFL FK Blansko
28%
ČFL (A) FK Motorlet Praha
28%
ČFL (A) FK Admira Praha
26%
ČFL (A) FK Loko Praha
22%
MSFL FC Hlučín
20%
ČFL (B) SK Zápy
19%
MSFL SK Uničov
17%
MSFL ČSK Uherský Brod
16%
ČFL (B) TJ Jiskra Ústí nad Orlicí
15%
MSFL FC Zlínsko
13%
ČFL (B) TJ Sokol Živanice
12%
ČFL (A) Povltavská FA
11%
ČFL (B) SK Benátky nad Jizerou
11%
ČFL (B) SK Sokol Brozany
10%
ČFL (A) Sokol Hostouň
10%
ČFL (A) TJ Slovan Velvary
10%
MSFL FC Slovan Rosice
9%
MSFL FC Strání
8%
MSFL TJ UNIE Hlubina
5%
ČFL (B) FK Chlumec nad Cydlinou
3%
No matching quizzes found
Score Distribution
Percent of People with Each Score
Percentile by Number Answered
Your Score History
You have not taken this quiz